00270nam a2200109Ia 4500008004100000100002400041245003400065260001700099650002000116942000700136999001700143190216s9999||||xx |||||||||||||| ||und|| aChellappan Nair N P 0aEanampechiyum Vanadevadamarum bNbs Kottayam aMalayalam Novel cBK c24754d24754